Cognition and second language instruction
Saved in:
| Main Author: | |
|---|---|
| Format: | Book |
| Language: | English |
| Published: |
Cambridge
Cambridge University
2001
|
| Series: | Cambridge Applied Linguistics Series
|
| Subjects: | |
| Tags: |
Add Tag
No Tags, Be the first to tag this record!
|
MARC
| LEADER | 00000nam a2200000 a 4500 | ||
|---|---|---|---|
| 001 | UCK5727 | ||
| 003 | CL-VaPUC | ||
| 008 | 050819e20010000uk |||||||||||||||||eng|d | ||
| 020 | |a 0521003865 | ||
| 082 | 0 | 4 | |a 401.9 |b ROB |2 21 |
| 100 | 0 | |a Robinson, Peter |e author |9 494671 | |
| 245 | 1 | 0 | |a Cognition and second language instruction |
| 300 | |a 453 p | ||
| 942 | |c BK | ||
| 945 | |d 20050819 00:00:00 |a jcarroza | ||
| 260 | |a Cambridge |b Cambridge University |c 2001 | ||
| 650 | 0 | |a Psicolingüística |9 283371 | |
| 650 | 0 | |a Cognición |9 270347 | |
| 650 | 0 | |a Adquisición del lenguaje |9 309032 | |
| 650 | 0 | |a Bilingüismo |9 307482 | |
| 583 | |a last modification |c 20130806 05:09:05 |k Rodrigo Vera | ||
| 490 | 0 | |a Cambridge Applied Linguistics Series | |
| 999 | |c 314221 |d 314219 | ||
| 952 | |0 0 |1 0 |4 0 |6 401_900000000000000_ROB_2001 |7 0 |8 A |9 386238 |a FDOPOS |b FDOPOS |d 2019-11-22 |i 4157168 |o 401.9 ROB 2001 |p 4157168 |r 2025-01-22 |w 2019-11-22 |y BK |k MLA | ||
| 952 | |0 0 |1 0 |4 0 |6 401_900000000000000_ROB_2001 |7 0 |8 A |9 386239 |a FDOPOS |b FDOPOS |d 2019-11-22 |i 4203372 |o 401.9 ROB 2001 |p 4203372 |r 2025-01-22 |w 2019-11-22 |y BK |k MLA | ||